| 000 | 03207cam a22005534i 4500 | ||
|---|---|---|---|
| 003 | PE-LiUPU | ||
| 005 | 20250731172924.0 | ||
| 008 | 170508s1998 nju rb 000 0 eng d | ||
| 020 | _a0896223957 | ||
| 020 | _a9780896223950 | ||
| 035 | _a(Sirsi) a203898 | ||
| 040 |
_aPE-LiUPU _bspa _cPE-LiUPU _erda |
||
| 049 | _aPRUA | ||
| 082 | 0 | 4 |
_a282.09 _bB28 _220 |
| 100 | 1 |
_aBausch, William J., _eautor. |
|
| 245 | 1 | 0 |
_aPilgrim church : _ba popular history of Catholic Christianity / _cWilliam J. Bausch ; revised & expanded [by] Carol Ann Cannon, Robert Obach. |
| 264 | 1 |
_aPrinceton, N.J. : _bRecording for the Blind & Dyslexic, _c1989. |
|
| 300 |
_a465 páginas ; _c22 centimetros |
||
| 336 |
_atext _2rdacontent |
||
| 337 |
_aunmediated _2rdamedia |
||
| 338 |
_avolume _2rdacarrier |
||
| 504 | _aBibliografía : páginas 456-457. | ||
| 505 | 0 | _aBackground and beginnings -- Expansion and its problems -- Structure of the early church -- Ministries, workship and paractices -- Fight for orthodoxy -- First reflections -- Chaos and consolidation -- Carolingian era -- Rise of papal power -- Time of greatness -- East and west -- Half-way reflections -- New nations -- Outside the mainstream -- Reformation -- Dissent, radical and established -- Catholic reform -- Reason and reaction -- Liberalism and conservatism -- Age of Pius IX -- New governments -- Toward Vatican II -- Vatican II and beyond -- Church in the United States -- Final reflections. | |
| 526 | _aSEG42 | ||
| 526 | _aSEG41 | ||
| 526 | _aSEG40 | ||
| 526 | _aSEG39 | ||
| 526 | _aP94 | ||
| 526 | _aP87 | ||
| 526 | _aP86 | ||
| 526 | _aP85 | ||
| 526 | _aP77 | ||
| 526 | _aP76 | ||
| 526 | _aP35 | ||
| 520 | _a[The author] takes readers on a ... comprehensive journey into the Catholic Church ... [He] realises how wide is the gap between the people's understanding of the Church and the Church's historical realities [and] seeks to close this gap by critically exploring such areas as: the variety of ministries in the early Church; the Crusades; the piety of the Middle Ages; the challenge of the Reformation; the role of the pope; the rise, fall and recent reinstatement of the diaconate; the changing role of women in the Church; and the origins of liturgies and popular devotions.-Back cover. | ||
| 610 | 2 |
_aIglesia Católica _xHistoria. |
|
| 610 | 2 |
_aIglesia Católica. _2fast _0(OCoLC)fst00531720 _9950 |
|
| 650 | 0 |
_aHistoria de la Iglesia. _9469 |
|
| 650 | 7 |
_aHistoria de la Iglesia.. _2fast _0(OCoLC)fst00860740 _9469 |
|
| 700 | 1 |
_aCannon, Carol Ann. _eesditor. |
|
| 700 | 1 |
_aObach, Robert E. _eesditor. |
|
| 910 |
_ajck _bjvq _cjck _d20170508. |
||
| 942 |
_2ddc _cBOOK |
||
| 949 |
_a282.09 B28 _wDEWEY _c1 _i75666 _lCATALOGING _mBUL _p20.00 _r0 _sY _tBOOK _u2017-05-08 _xTEOLOGIA _zPOSGRADO TEOLOGÍA _0COMPRA _o.CIRCNOTE. El documento es de alto precio. _o.STAFF. Colección Teología |
||
| 994 |
_aC0 _bPEPRU |
||
| 596 | _a1 | ||
| 999 |
_a282.09 B28 _wLC _c20275 _i75666 _d20275 _f2021-11-11 _g4 _lCCODEBUL1 _mBUL _p20.00 _q2 _r0 _sY _tBOOK _u2017-5-8 _xTEOLOGIA _PP85 _0DONACION _o.STAFF. Colección Teología |
||
| 980 |
_81 _gALBERTO SANCHEZ Responsable de Automatización |
||